Garcilaso de la Vega y su retrato / (Record no. 147407)

MARC details
000 -LEADER
campo de control de longitud fija 00698nam a2200205 i 4500
001 - NÚMERO DE CONTROL
campo de control 147407
003 - IDENTIFICADOR DE NÚMERO DE CONTROL
campo de control ES-MaACL
005 - FECHA Y HORA DE LA ÚLTIMA TRANSACCIÓN
campo de control 20250928093947.0
007 - CAMPO FIJO DE DESCRIPCIÓN FÍSICA--INFORMACIÓN GENERAL
campo de control de longitud fija t|
008 - DATOS DE LONGITUD FIJA--INFORMACIÓN GENERAL
campo de control de longitud fija 070928s1914 sp ||||1| spa d
080 ## - NÚMERO DE LA CLASIFICACIÓN DECIMAL UNIVERSAL
Número de la Clasificación Decimal Universal 929 Lasso de la Vega, García 1501?-1536
100 1# - ENTRADA PRINCIPAL--NOMBRE DE PERSONA
Nombre de persona Laurencín, Francisco Rafael de Uhagón
Títulos y otros términos asociados al nombre Marqués de.
9 (RLIN) 70617
245 10 - MENCIÓN DEL TÍTULO
Título Garcilaso de la Vega y su retrato /
Mención de responsabilidad, etc. informe por el Maqués de Laurencín.
260 ## - PUBLICACIÓN, DISTRIBUCIÓN, ETC.
Lugar de publicación, distribución, etc. Madrid :
Nombre del editor, distribuidor, etc. Real Academia de la Historia,
Fecha de publicación, distribución, etc. 1914.
300 ## - DESCRIPCIÓN FÍSICA
Extensión 33 p. :
Otras características físicas il. ;
Dimensiones 26 cm.
600 04 - PUNTO DE ACCESO ADICIONAL DE MATERIA--NOMBRE DE PERSONA
Nombre de persona Garcilaso de la Vega,
Fechas asociadas al nombre 1501-1536
9 (RLIN) 55471
852 ## - LOCALIZACIÓN
Ubicación ES-MaACL
Número de control de estantería T-1453-F-9
852 ## - LOCALIZACIÓN
Ubicación ES-MaACL
Número de control de estantería 2091-F-23
Sublocalización o colección R.90656
Holdings
Estatus retirado Estado de pérdida Estado de daño No para préstamo Colección Biblioteca de origen Biblioteca actual Ubicación en estantería Fecha de adquisición Fuente de adquisición Total de préstamos Signatura topográfica completa Código de barras Visto por última vez Precio de reemplazo Tipo de ítem Koha
        Colección de folletos Biblioteca del Ateneo de Madrid Biblioteca del Ateneo de Madrid Depósito folletos 17/01/2008     2091-F-23 1153828 23/02/2023 23/02/2023 Folleto
        Colección de folletos Biblioteca del Ateneo de Madrid Biblioteca del Ateneo de Madrid Depósito folletos 17/01/2008     T-1453-F-9 1153827 23/02/2023 23/02/2023 Folleto